| 000 | 00511nam a22001937a 4500 | ||
|---|---|---|---|
| 003 | OSt | ||
| 005 | 20141027142811.0 | ||
| 008 | 141027b xxu||||| |||| 00| 0 eng d | ||
| 020 | _a8123912005 | ||
| 040 | _cDNLM | ||
| 082 | _aQV 4 S21p 2005 | ||
| 100 |
_aSaif S R _91550 |
||
| 245 |
_aPharmacology Review / _cS R Saif |
||
| 260 |
_aNew Delhi: _bCBS Publishers and Distributors ; _c2005. |
||
| 300 |
_axiv, 775 p : _bill ; _c25 cm. |
||
| 504 | _aincludes index. | ||
| 650 |
_aPharmacology _9357 |
||
| 942 |
_2z _cSLOAN |
||
| 999 |
_c600 _d600 |
||